[Event "British Rapidplay Championship 2023"]
[Site "Mercure Bradford, Bankfield Hotel"]
[Date "2023.04.15"]
[Round "1.4"]
[White "Redmond, Nigel"]
[Black "Raynes, Paul"]
[Result "0-1"]
[TimeControl "All moves in 15 minutes plus 10 second increment per move from move 1"]
[WhiteElo "1656"]
[BlackElo "2077"]

1. e4 {[%clk 00:15:13]} {[%emt 00:00:06]} d6 {[%clk 00:15:19]} {[%emt
00:00:02]} 2. d4 {[%clk 00:15:04]} {[%emt 00:00:18]} Nf6 {[%clk 00:15:27]}
{[%emt 00:00:03]} 3. Nc3 {[%clk 00:14:57]} {[%emt 00:00:17]} g6 {[%clk
00:15:35]} {[%emt 00:00:02]} 4. Bc4 {[%clk 00:13:31]} {[%emt 00:01:36]} Bg7
{[%clk 00:14:55]} {[%emt 00:00:50]} 5. Nge2 {[%clk 00:12:19]} {[%emt 00:01:21]}
O-O {[%clk 00:14:49]} {[%emt 00:00:17]} 6. f3 {[%clk 00:11:27]} {[%emt
00:01:01]} c6 {[%clk 00:14:40]} {[%emt 00:00:19]} 7. a3 {[%clk 00:10:34]}
{[%emt 00:01:03]} d5 {[%clk 00:13:50]} {[%emt 00:01:01]} 8. exd5 {[%clk
00:09:19]} {[%emt 00:01:24]} cxd5 {[%clk 00:13:50]} {[%emt 00:00:11]} 9. Ba2
{[%clk 00:08:26]} {[%emt 00:01:02]} Nc6 {[%clk 00:13:50]} {[%emt 00:00:12]} 10.
Be3 {[%clk 00:07:47]} {[%emt 00:00:48]} b6 {[%clk 00:13:12]} {[%emt 00:00:48]}
11. O-O {[%clk 00:07:01]} {[%emt 00:00:55]} Ba6 {[%clk 00:13:07]} {[%emt
00:00:16]} 12. Re1 {[%clk 00:06:23]} {[%emt 00:00:48]} Bxe2 {[%clk 00:12:57]}
{[%emt 00:00:20]} 13. Nxe2 {[%clk 00:05:46]} {[%emt 00:00:46]} e6 {[%clk
00:12:49]} {[%emt 00:00:19]} 14. c3 {[%clk 00:04:31]} {[%emt 00:01:25]} Ne7
{[%clk 00:11:37]} {[%emt 00:01:21]} 15. Rc1 {[%clk 00:04:10]} {[%emt 00:00:32]}
Rc8 {[%clk 00:11:14]} {[%emt 00:00:33]} 16. c4 {[%clk 00:03:29]} {[%emt
00:00:50]} dxc4 {[%clk 00:10:55]} {[%emt 00:00:30]} 17. Bxc4 {[%clk 00:02:45]}
{[%emt 00:00:54]} Ned5 {[%clk 00:10:48]} {[%emt 00:00:17]} 18. Bf2 {[%clk
00:02:36]} {[%emt 00:00:18]} Bh6 {[%clk 00:10:09]} {[%emt 00:00:51]} 19. Rc2
{[%clk 00:02:28]} {[%emt 00:00:18]} Be3 {[%clk 00:09:29]} {[%emt 00:00:50]} 20.
Bxd5 {[%clk 00:01:48]} {[%emt 00:00:49]} Nxd5 {[%clk 00:09:19]} {[%emt
00:00:19]} 21. Rxc8 {[%clk 00:01:19]} {[%emt 00:00:39]} Bxf2+ {[%clk 00:09:09]}
{[%emt 00:00:21]} 22. Kxf2 {[%clk 00:01:24]} {[%emt 00:00:06]} Qxc8 {[%clk
00:09:17]} {[%emt 00:00:02]} 23. Qd2 {[%clk 00:01:10]} {[%emt 00:00:24]} Qd8
{[%clk 00:08:40]} {[%emt 00:00:46]} 24. Rc1 {[%clk 00:01:08]} {[%emt 00:00:11]}
Qh4+ {[%clk 00:08:07]} {[%emt 00:00:44]} 25. Kg1 {[%clk 00:01:03]} {[%emt
00:00:15]} Rd8 {[%clk 00:08:03]} {[%emt 00:00:14]} 26. Qd3 {[%clk 00:00:38]}
{[%emt 00:00:35]} Qg5 {[%clk 00:07:30]} {[%emt 00:00:43]} 27. Rc2 {[%clk
00:00:23]} {[%emt 00:00:26]} Ne3 {[%emt 00:01:31]} 28. Ng3 {[%clk 00:15:10]}
{[%emt 00:00:09]} Nxc2 {[%clk 00:15:10]} 0-1

[Event "British Rapidplay Championship 2023"]
[Site "Mercure Bradford, Bankfield Hotel"]
[Date "2023.04.15"]
[Round "1.5"]
[White "Senior, Gary"]
[Black "Monterde, Angel"]
[Result "1-0"]
[TimeControl "All moves in 15 minutes plus 10 second increment per move from move 1"]
[WhiteElo "2069"]
[BlackElo "1646"]

1. e4 {[%clk 00:15:18]} e6 {[%clk 00:15:19]} {[%emt 00:00:02]} 2. d4 {[%clk
00:15:27]} {[%emt 00:00:02]} b6 {[%clk 00:15:27]} {[%emt 00:00:01]} 3. Bd3
{[%clk 00:15:17]} {[%emt 00:00:19]} Bb7 {[%clk 00:15:35]} {[%emt 00:00:02]} 4.
Nf3 {[%clk 00:15:23]} {[%emt 00:00:05]} d5 {[%clk 00:15:20]} {[%emt 00:00:25]}
5. e5 {[%clk 00:15:21]} {[%emt 00:00:12]} c5 {[%clk 00:15:16]} {[%emt
00:00:14]} 6. c3 {[%clk 00:15:22]} {[%emt 00:00:08]} Ne7 {[%clk 00:15:19]}
{[%emt 00:00:08]} 7. O-O {[%clk 00:15:11]} {[%emt 00:00:21]} Nec6 {[%clk
00:15:14]} {[%emt 00:00:16]} 8. a3 {[%clk 00:15:10]} {[%emt 00:00:10]} Ba6
{[%clk 00:14:31]} {[%emt 00:00:54]} 9. Bxa6 {[%clk 00:14:35]} {[%emt 00:00:45]}
Nxa6 {[%clk 00:14:38]} {[%emt 00:00:02]} 10. Re1 {[%clk 00:13:41]} {[%emt
00:01:04]} Be7 {[%clk 00:14:39]} {[%emt 00:00:09]} 11. Be3 {[%clk 00:13:18]}
{[%emt 00:00:33]} g5 {[%clk 00:11:58]} {[%emt 00:02:51]} 12. h3 {[%clk
00:12:24]} {[%emt 00:01:03]} h5 {[%clk 00:12:03]} {[%emt 00:00:06]} 13. Nh2
{[%clk 00:12:02]} {[%emt 00:00:31]} Qd7 {[%clk 00:10:56]} {[%emt 00:01:17]} 14.
b4 {[%clk 00:11:34]} {[%emt 00:00:37]} Nc7 {[%clk 00:08:48]} {[%emt 00:02:19]}
15. dxc5 {[%clk 00:08:01]} {[%emt 00:03:43]} bxc5 {[%clk 00:07:06]} {[%emt
00:01:52]} 16. Bxc5 {[%clk 00:07:14]} {[%emt 00:00:57]} Bxc5 {[%clk 00:07:14]}
{[%emt 00:00:02]} 17. bxc5 {[%clk 00:07:23]} {[%emt 00:00:01]} Qe7 {[%clk
00:07:05]} {[%emt 00:00:19]} 18. Qd2 {[%clk 00:06:56]} {[%emt 00:00:36]} Na5
{[%clk 00:06:47]} {[%emt 00:00:29]} 19. Qd4 {[%clk 00:06:09]} {[%emt 00:00:57]}
Nc4 {[%clk 00:05:58]} {[%emt 00:01:00]} 20. a4 {[%clk 00:05:14]} {[%emt
00:01:04]} Na6 {[%clk 00:05:16]} {[%emt 00:00:52]} 21. Nd2 {[%clk 00:04:52]}
{[%emt 00:00:31]} Nxd2 {[%clk 00:04:40]} {[%emt 00:00:47]} 22. Qxd2 {[%clk
00:04:59]} {[%emt 00:00:02]} Nxc5 {[%clk 00:04:47]} {[%emt 00:00:04]} 23. Qe2
{[%clk 00:03:50]} {[%emt 00:01:19]} Qd7 {[%clk 00:03:42]} {[%emt 00:01:16]} 24.
Qe3 {[%clk 00:03:03]} {[%emt 00:00:56]} Qe7 {[%clk 00:03:00]} {[%emt 00:00:52]}
25. g3 {[%clk 00:02:47]} {[%emt 00:00:26]} Ne4 {[%clk 00:02:46]} {[%emt
00:00:25]} 26. c4 {[%clk 00:02:49]} {[%emt 00:00:07]} Rd8 {[%clk 00:02:17]}
{[%emt 00:00:39]} 27. Kg2 {[%clk 00:02:41]} {[%emt 00:00:18]} Qc5 {[%clk
00:02:08]} {[%emt 00:00:20]} 28. cxd5 {[%clk 00:02:35]} {[%emt 00:00:16]} Qxe3
{[%clk 00:02:05]} {[%emt 00:00:12]} 29. Rxe3 {[%clk 00:02:41]} {[%emt
00:00:04]} exd5 {[%clk 00:02:14]} {[%emt 00:00:02]} 30. Nf3 {[%clk 00:02:38]}
{[%emt 00:00:12]} g4 {[%clk 00:02:13]} {[%emt 00:00:11]} 31. hxg4 {[%clk
00:02:22]} {[%emt 00:00:26]} hxg4 {[%clk 00:02:22]} {[%emt 00:00:02]} 32. Nd4
{[%clk 00:02:16]} {[%emt 00:00:16]} Rc8 {[%clk 00:02:09]} {[%emt 00:00:23]} 33.
Nb5 {[%clk 00:01:48]} {[%emt 00:00:38]} a6 {[%clk 00:02:13]} {[%emt 00:00:06]}
34. Rxe4 {[%clk 00:01:49]} {[%emt 00:00:09]} axb5 {[%clk 00:02:21]} {[%emt
00:00:02]} 35. Rxg4 {[%clk 00:01:55]} {[%emt 00:00:03]} bxa4 {[%clk 00:02:29]}
{[%emt 00:00:03]} 36. Raxa4 {[%clk 00:01:58]} {[%emt 00:00:07]} Rh5 {[%clk
00:02:10]} {[%emt 00:00:28]} 37. Rg8+ {[%clk 00:01:58]} {[%emt 00:00:10]} Kd7
{[%clk 00:02:17]} {[%emt 00:00:03]} 38. Rg7 {[%clk 00:01:52]} {[%emt 00:00:16]}
Rxe5 {[%clk 00:02:03]} {[%emt 00:00:24]} 39. Rxf7+ {[%clk 00:01:59]} {[%emt
00:00:03]} Ke6 {[%emt 00:00:38]} 40. Raa7 {[%clk 00:02:07]} {[%emt 00:00:01]}
Kd6 {[%clk 00:01:21]} {[%emt 00:00:26]} 41. f4 {[%clk 00:01:40]} {[%emt
00:00:36]} Re3 {[%clk 00:01:18]} {[%emt 00:00:13]} 42. Rfd7+ {[%clk 00:01:18]}
{[%emt 00:00:32]} Kc5 {[%clk 00:01:26]} {[%emt 00:00:02]} 43. Ra5+ {[%clk
00:01:24]} {[%emt 00:00:04]} Kb4 {[%clk 00:01:26]} {[%emt 00:00:11]} 44. Raxd5
{[%clk 00:01:29]} {[%emt 00:00:04]} Rcc3 {[%clk 00:00:54]} {[%emt 00:00:42]} 45.
Rg7 {[%clk 00:01:22]} {[%emt 00:00:16]} Kc4 {[%clk 00:00:52]} {[%emt 00:00:14]}
46. Rdd7 {[%clk 00:01:15]} {[%emt 00:00:15]} Ra3 {[%clk 00:00:46]} {[%emt
00:00:17]} 47. Kh3 {[%clk 00:01:07]} {[%emt 00:00:17]} Re4 {[%clk 00:00:37]}
{[%emt 00:00:19]} 48. Rgf7 {[%clk 00:01:08]} {[%emt 00:00:10]} Ree3 {[%clk
00:00:45]} {[%emt 00:00:03]} 49. Rg7 {[%clk 00:01:15]} {[%emt 00:00:02]} Re4
{[%clk 00:00:53]} {[%emt 00:00:02]} 50. Kh4 {[%clk 00:01:19]} {[%emt 00:00:06]}
Re1 {[%clk 00:01:00]} {[%emt 00:00:03]} 51. g4 {[%clk 00:01:19]} {[%emt
00:00:10]} Rg1 {[%clk 00:01:00]} {[%emt 00:00:10]} 52. Kg5 {[%clk 00:01:15]}
{[%emt 00:00:13]} Rag3 {[%clk 00:00:36]} {[%emt 00:00:36]} 53. Kf5 {[%clk
00:01:21]} {[%emt 00:00:03]} Ra3 {[%clk 00:00:44]} {[%emt 00:00:02]} 54. Ke6
{[%clk 00:01:05]} {[%emt 00:00:24]} Re1+ {[%clk 00:00:40]} {[%emt 00:00:16]} 55.
Kf6 {[%clk 00:01:05]} {[%emt 00:00:09]} Ra6+ {[%clk 00:00:48]} {[%emt
00:00:03]} 56. Kg5 {[%clk 00:01:13]} {[%emt 00:00:02]} Ra5+ {[%clk 00:00:57]}
{[%emt 00:00:02]} 57. f5 {[%clk 00:01:21]} Re4 {[%clk 00:00:58]} {[%emt
00:00:09]} 58. Kh5 {[%clk 00:01:21]} {[%emt 00:00:08]} Rf4 {[%clk 00:00:42]}
{[%emt 00:00:28]} 59. Rd1 {[%clk 00:01:18]} {[%emt 00:00:13]} Ra6 {[%clk
00:00:39]} {[%emt 00:00:13]} 60. Rc7+ {[%clk 00:01:23]} {[%emt 00:00:05]} Kb3
{[%clk 00:00:35]} {[%emt 00:00:14]} 61. Rb1+ {[%clk 00:01:23]} {[%emt
00:00:09]} Ka2 {[%clk 00:00:42]} {[%emt 00:00:04]} 62. Rb8 {[%clk 00:01:21]}
{[%emt 00:00:11]} Raa4 {[%clk 00:00:42]} {[%emt 00:00:11]} 63. Rg7 {[%clk
00:01:21]} {[%emt 00:00:09]} Rfc4 {[%clk 00:00:41]} {[%emt 00:00:11]} 64. Rbb7
{[%clk 00:01:26]} {[%emt 00:00:05]} Ka3 {[%clk 00:00:16]} {[%emt 00:00:36]} 65.
Ra7 {[%clk 00:01:34]} {[%emt 00:00:02]} Re4 {[%clk 00:00:23]} {[%emt 00:00:04]}
66. Rxa4+ {[%clk 00:01:42]} 1-0

[Event "British Rapidplay Championship 2023"]
[Site "Mercure Bradford, Bankfield Hotel"]
[Date "2023.04.15"]
[Round "1.6"]
[White "Ezzo, Talal"]
[Black "Patrick, Chaski"]
[Result "0-1"]
[TimeControl "All moves in 15 minutes plus 10 second increment per move from move 1"]
[WhiteElo "1637"]
[BlackElo "2068"]

1. d4 {[%emt 00:00:25]} d5 {[%clk 00:15:00]} 2. Nc3 {[%clk 00:15:21]} {[%emt
00:00:05]} Nf6 {[%clk 00:15:05]} {[%emt 00:00:04]} 3. Bf4 {[%clk 00:15:28]}
{[%emt 00:00:03]} c6 {[%clk 00:14:59]} {[%emt 00:00:17]} 4. e3 {[%clk
00:15:30]} {[%emt 00:00:07]} Bf5 {[%emt 00:01:22]} 5. f3 {[%clk 00:14:39]} Qa5
{[%clk 00:14:38]} {[%emt 00:00:18]} 6. g4 {[%clk 00:14:19]} {[%emt 00:00:30]}
Bg6 {[%clk 00:13:11]} {[%emt 00:01:38]} 7. h4 {[%clk 00:13:48]} {[%emt
00:00:41]} h6 {[%clk 00:13:10]} {[%emt 00:00:11]} 8. Bd3 {[%clk 00:13:26]}
{[%emt 00:00:32]} Bxd3 {[%clk 00:13:13]} {[%emt 00:00:08]} 9. Qxd3 {[%clk
00:13:33]} {[%emt 00:00:02]} Nbd7 {[%clk 00:13:04]} {[%emt 00:00:19]} 10. Nge2
{[%clk 00:13:20]} {[%emt 00:00:23]} e6 {[%clk 00:13:04]} {[%emt 00:00:09]} 11.
a3 {[%clk 00:10:42]} {[%emt 00:02:49]} b5 {[%clk 00:13:05]} {[%emt 00:00:09]}
12. Kf2 {[%clk 00:10:23]} {[%emt 00:00:29]} a6 {[%clk 00:12:49]} {[%emt
00:00:26]} 13. b4 {[%clk 00:09:19]} {[%emt 00:01:13]} Qd8 {[%clk 00:12:47]}
{[%emt 00:00:12]} 14. g5 {[%clk 00:07:24]} {[%emt 00:02:05]} Nh5 {[%clk
00:12:41]} {[%emt 00:00:16]} 15. g6 {[%clk 00:06:25]} {[%emt 00:01:10]} f5
{[%clk 00:12:39]} {[%emt 00:00:12]} 16. e4 {[%clk 00:05:01]} {[%emt 00:01:34]}
fxe4 {[%clk 00:11:03]} {[%emt 00:01:45]} 17. fxe4 {[%clk 00:05:03]} {[%emt
00:00:09]} Qf6 {[%clk 00:10:52]} {[%emt 00:00:20]} 18. Qf3 {[%clk 00:04:13]}
{[%emt 00:01:00]} Nxf4 {[%clk 00:10:51]} {[%emt 00:00:11]} 19. Qxf4 {[%clk
00:04:16]} {[%emt 00:00:08]} Be7 {[%clk 00:08:48]} {[%emt 00:02:13]} 20. Qxf6
{[%clk 00:03:22]} {[%emt 00:01:03]} Bxf6 {[%clk 00:08:53]} {[%emt 00:00:05]} 21.
e5 {[%clk 00:03:27]} {[%emt 00:00:06]} Bd8 {[%clk 00:08:46]} {[%emt 00:00:17]}
22. h5 {[%clk 00:03:33]} {[%emt 00:00:04]} Bb6 {[%clk 00:08:50]} {[%emt
00:00:07]} 23. Ke3 {[%clk 00:03:33]} {[%emt 00:00:09]} Nxe5 {[%clk 00:08:55]}
{[%emt 00:00:04]} 24. Raf1 {[%clk 00:02:44]} {[%emt 00:01:00]} Ke7 {[%clk
00:08:39]} {[%emt 00:00:26]} 25. Kd2 {[%clk 00:02:40]} {[%emt 00:00:15]} Nc4+
{[%clk 00:08:47]} {[%emt 00:00:01]} 26. Kd3 {[%clk 00:02:39]} {[%emt 00:00:11]}
Rhf8 {[%clk 00:08:54]} {[%emt 00:00:04]} 27. Nb1 {[%clk 00:02:27]} {[%emt
00:00:21]} e5 {[%clk 00:08:34]} {[%emt 00:00:30]} 28. dxe5 {[%clk 00:02:27]}
{[%emt 00:00:10]} Nxe5+ {[%clk 00:08:42]} {[%emt 00:00:02]} 29. Kc3 {[%clk
00:02:21]} {[%emt 00:00:15]} Rad8 {[%clk 00:08:16]} {[%emt 00:00:36]} 30. Nd2
{[%clk 00:00:59]} {[%emt 00:01:33]} d4+ {[%clk 00:08:19]} {[%emt 00:00:07]} 31.
Kb3 {[%clk 00:01:01]} {[%emt 00:00:08]} d3 {[%clk 00:08:17]} {[%emt 00:00:11]}
32. Rxf8 {[%clk 00:00:49]} {[%emt 00:00:22]} Rxf8 {[%clk 00:08:20]} {[%emt
00:00:08]} 33. cxd3 {[%clk 00:00:31]} {[%emt 00:00:28]} Rf2 {[%clk 00:08:24]}
{[%emt 00:00:06]} 34. Re1 {[%clk 00:00:28]} {[%emt 00:00:13]} Nxd3 {[%clk
00:08:29]} {[%emt 00:00:04]} 35. Ne4 {[%emt 00:00:16]} Nxe1 {[%clk 00:08:34]}
{[%emt 00:00:04]} 36. Nxf2 {[%clk 00:00:33]} {[%emt 00:00:01]} Bxf2 {[%clk
00:08:42]} {[%emt 00:00:02]} 37. Nf4 {[%clk 00:00:38]} {[%emt 00:00:04]} Be3
{[%emt 00:00:17]} 38. Nh3 {[%clk 00:00:42]} Ke6 {[%clk 00:08:46]} {[%emt
00:00:05]} 39. Kc3 {[%clk 00:00:49]} {[%emt 00:00:04]} Kf5 {[%clk 00:08:52]}
{[%emt 00:00:04]} 0-1

[Event "British Rapidplay Championship 2023"]
[Site "Mercure Bradford, Bankfield Hotel"]
[Date "2023.04.15"]
[Round "1.7"]
[White "Ortiz Sanchez, Luis"]
[Black "Mitchell, Ian"]
[Result "1-0"]
[TimeControl "All moves in 15 minutes plus 10 second increment per move from move 1"]
[WhiteElo "2067"]
[BlackElo "1628"]

1. Nf3 {[%clk 00:15:17]} {[%emt 00:00:02]} Nf6 {[%clk 00:15:16]} {[%emt
00:00:05]} 2. d4 {[%clk 00:15:21]} {[%emt 00:00:05]} d5 {[%clk 00:15:21]}
{[%emt 00:00:05]} 3. c3 {[%clk 00:15:23]} {[%emt 00:00:08]} g6 {[%clk
00:14:48]} {[%emt 00:00:42]} 4. Bf4 {[%clk 00:15:14]} {[%emt 00:00:20]} Bg7
{[%clk 00:14:41]} {[%emt 00:00:17]} 5. h3 {[%clk 00:15:19]} {[%emt 00:00:05]}
O-O {[%clk 00:14:01]} {[%emt 00:00:51]} 6. e3 {[%clk 00:15:26]} {[%emt
00:00:03]} Nbd7 {[%clk 00:13:39]} {[%emt 00:00:31]} 7. Nbd2 {[%clk 00:15:00]}
{[%emt 00:00:35]} c5 {[%clk 00:13:18]} {[%emt 00:00:32]} 8. Be2 {[%clk
00:14:53]} {[%emt 00:00:17]} cxd4 {[%clk 00:13:20]} {[%emt 00:00:08]} 9. cxd4
{[%clk 00:14:49]} {[%emt 00:00:14]} Nb6 {[%clk 00:12:39]} {[%emt 00:00:51]} 10.
O-O {[%clk 00:14:50]} {[%emt 00:00:08]} e6 {[%clk 00:12:26]} {[%emt 00:00:24]}
11. Rc1 {[%clk 00:14:45]} {[%emt 00:00:16]} Bd7 {[%clk 00:11:35]} {[%emt
00:00:59]} 12. Ne5 {[%clk 00:14:29]} {[%emt 00:00:27]} Rc8 {[%clk 00:11:03]}
{[%emt 00:00:42]} 13. Qb3 {[%clk 00:14:19]} {[%emt 00:00:21]} Ba4 {[%clk
00:10:27]} {[%emt 00:00:46]} 14. Qa3 {[%clk 00:14:27]} {[%emt 00:00:01]} Rxc1
{[%clk 00:10:06]} {[%emt 00:00:31]} 15. Rxc1 {[%clk 00:14:36]} {[%emt
00:00:01]} a6 {[%clk 00:09:49]} {[%emt 00:00:27]} 16. b3 {[%clk 00:14:45]}
{[%emt 00:00:01]} Bd7 {[%clk 00:09:35]} {[%emt 00:00:23]} 17. Nd3 {[%clk
00:14:14]} {[%emt 00:00:41]} Re8 {[%clk 00:09:08]} {[%emt 00:00:37]} 18. Bc7
{[%clk 00:14:09]} {[%emt 00:00:16]} Qe7 {[%clk 00:08:16]} {[%emt 00:01:02]} 19.
Qxe7 {[%clk 00:14:11]} {[%emt 00:00:08]} Rxe7 {[%clk 00:08:23]} {[%emt
00:00:03]} 20. Bxb6 {[%clk 00:14:18]} {[%emt 00:00:04]} Bb5 {[%clk 00:08:01]}
{[%emt 00:00:32]} 21. a4 {[%clk 00:14:00]} {[%emt 00:00:27]} Bxd3 {[%clk
00:08:06]} {[%emt 00:00:05]} 22. Bxd3 {[%clk 00:14:09]} {[%emt 00:00:02]} h5
{[%clk 00:07:45]} {[%emt 00:00:30]} 23. b4 {[%clk 00:13:38]} {[%emt 00:00:41]}
Re8 {[%clk 00:07:04]} {[%emt 00:00:51]} 24. b5 {[%clk 00:13:31]} {[%emt
00:00:18]} axb5 {[%clk 00:06:30]} {[%emt 00:00:43]} 25. Bxb5 {[%clk 00:13:37]}
{[%emt 00:00:04]} Rb8 {[%clk 00:06:01]} {[%emt 00:00:39]} 26. a5 {[%clk
00:13:12]} {[%emt 00:00:36]} Ne8 {[%clk 00:05:57]} {[%emt 00:00:13]} 27. Bxe8
{[%clk 00:13:09]} {[%emt 00:00:13]} Rxe8 {[%clk 00:06:05]} {[%emt 00:00:02]} 28.
Rc7 {[%clk 00:13:04]} {[%emt 00:00:15]} e5 {[%clk 00:05:55]} {[%emt 00:00:20]}
29. Rxb7 {[%clk 00:13:00]} {[%emt 00:00:15]} exd4 {[%clk 00:06:02]} {[%emt
00:00:02]} 30. Bxd4 {[%clk 00:12:55]} {[%emt 00:00:15]} Bxd4 {[%clk 00:06:02]}
{[%emt 00:00:10]} 31. exd4 {[%clk 00:13:03]} {[%emt 00:00:03]} Re1+ {[%clk
00:06:10]} {[%emt 00:00:02]} 32. Kh2 {[%clk 00:12:46]} {[%emt 00:00:27]} Rd1
{[%clk 00:06:00]} {[%emt 00:00:19]} 33. Nb3 {[%clk 00:12:40]} {[%emt 00:00:15]}
1-0

[Event "British Rapidplay Championship 2023"]
[Site "Mercure Bradford, Bankfield Hotel"]
[Date "2023.04.15"]
[Round "1.8"]
[White "Day, Paul G"]
[Black "Jackman, Matthew"]
[Result "0-1"]
[TimeControl "All moves in 15 minutes plus 10 second increment per move from move 1"]
[WhiteElo "1627"]
[BlackElo "2053"]

1. d4 {[%clk 00:15:16]} {[%emt 00:00:03]} c6 {[%clk 00:15:16]} {[%emt
00:00:05]} 2. Bf4 {[%clk 00:15:21]} {[%emt 00:00:05]} d5 {[%clk 00:15:10]}
{[%emt 00:00:16]} 3. e3 {[%clk 00:15:21]} {[%emt 00:00:09]} Qb6 {[%clk
00:14:55]} {[%emt 00:00:25]} 4. b3 {[%clk 00:13:01]} {[%emt 00:02:31]} Nf6
{[%clk 00:15:01]} {[%emt 00:00:03]} 5. Bd3 {[%clk 00:13:00]} {[%emt 00:00:11]}
Bg4 {[%clk 00:15:01]} {[%emt 00:00:10]} 6. Nf3 {[%clk 00:12:17]} {[%emt
00:00:54]} e6 {[%clk 00:14:21]} {[%emt 00:00:50]} 7. Nbd2 {[%clk 00:12:08]}
{[%emt 00:00:19]} Bb4 {[%clk 00:14:23]} {[%emt 00:00:08]} 8. Be2 {[%clk
00:11:04]} {[%emt 00:01:13]} Bc3 {[%clk 00:14:19]} {[%emt 00:00:14]} 9. Rb1
{[%clk 00:11:06]} {[%emt 00:00:09]} O-O {[%clk 00:14:04]} {[%emt 00:00:25]} 10.
O-O {[%clk 00:10:46]} {[%emt 00:00:29]} Qa5 {[%clk 00:13:52]} {[%emt 00:00:22]}
11. Bd6 {[%clk 00:10:37]} {[%emt 00:00:19]} Re8 {[%clk 00:13:54]} {[%emt
00:00:09]} 12. a4 {[%clk 00:10:40]} {[%emt 00:00:07]} Na6 {[%clk 00:12:49]}
{[%emt 00:01:15]} 13. Ne5 {[%clk 00:10:38]} {[%emt 00:00:11]} Bxe2 {[%clk
00:12:45]} {[%emt 00:00:15]} 14. Qxe2 {[%clk 00:10:09]} {[%emt 00:00:39]} Bxd2
{[%clk 00:12:46]} {[%emt 00:00:09]} 15. b4 {[%clk 00:10:13]} {[%emt 00:00:06]}
Qd8 {[%clk 00:11:22]} {[%emt 00:01:34]} 16. b5 {[%clk 00:07:34]} {[%emt
00:02:49]} Qxd6 {[%clk 00:09:54]} {[%emt 00:01:38]} 17. bxa6 {[%clk 00:07:41]}
{[%emt 00:00:03]} Ba5 {[%clk 00:09:59]} {[%emt 00:00:04]} 18. Rxb7 {[%clk
00:07:40]} {[%emt 00:00:12]} Bc7 {[%clk 00:07:12]} {[%emt 00:02:57]} 19. Rfb1
{[%clk 00:07:21]} {[%emt 00:00:29]} Ne4 {[%clk 00:07:01]} {[%emt 00:00:21]} 20.
Qh5 {[%clk 00:05:28]} {[%emt 00:02:03]} Re7 {[%clk 00:05:23]} {[%emt 00:01:48]}
21. f4 {[%clk 00:03:55]} {[%emt 00:01:42]} f6 {[%clk 00:05:16]} {[%emt
00:00:18]} 22. Ng4 {[%clk 00:04:03]} {[%emt 00:00:03]} Bb6 {[%clk 00:04:47]}
{[%emt 00:00:38]} 23. a5 {[%clk 00:03:33]} {[%emt 00:00:40]} Bxa5 {[%clk
00:04:24]} {[%emt 00:00:32]} 24. Rxe7 {[%clk 00:03:10]} {[%emt 00:00:33]} Qxe7
{[%clk 00:04:32]} {[%emt 00:00:03]} 25. Rb7 {[%clk 00:03:18]} {[%emt 00:00:02]}
Qe8 {[%clk 00:04:26]} {[%emt 00:00:16]} 26. Rxg7+ {[%clk 00:03:17]} {[%emt
00:00:10]} Kxg7 {[%clk 00:04:26]} {[%emt 00:00:11]} 27. Qh6+ {[%clk 00:03:25]}
{[%emt 00:00:02]} Kh8 {[%clk 00:04:09]} {[%emt 00:00:27]} 0-1